000 00844cam a2200241 a 4500
001 000014726
005 20200929163907.0
008 990219s1998 pe b 001 0 spa c
020 _a9972618323
040 _aDO-SdBNP
_bspa
_cICU
_dDLC
_dBNPHU
082 _a305.4
_bT736s
100 1 _aTovar Samanez, Teresa.
_933386
245 1 0 _aSin querer queriendo :
_bcultura docente y género /
_cTeresa Tovar Samanes.
260 _aLima, Perú :
_bTarea,
_c1998.
300 _a244 p. : tablas ;
_c24 cm.
504 _aIncluye referencias bibliográficas.
650 4 _aDiscriminación sexual en educación
_zPerú
_933387
650 4 _aMujeres
_xEducación
_zPerú
_933388
650 4 _aEducación secundaria
_zPerú
_933389
710 2 _aTarea Asociación de Publicaciones Educativas.
_933390
910 _aCatalogación por copia / LC
049 _aBNGR
999 _c14309
_d14309